LEADER 01494nam a2200289 i 4500 001 000000065575 003 CaOOAMICUS 005 20131107000000.0 008 131107s1962 xx u000 u ger u 013 $a36747 040 $aSeMil$bita 100 1 $aBreuning, Wilhelm.$0(OLS)http://semarc/name/4961 245 14$aDie hypostatische Union in der Theologie Wilhelms von Auxerre, Hugos von St. Cher und Rolands von Cremona /$cvon Wilhelm Breuning. 260 $aTrier :$bPaulinus,$c1962. 300 $aXXVIII, 476 p. ;$c24 cm. 490 0 $aTrierer theologische Studien ;$v11 500 $aCon un'antologia di scritti di Guglilmo d'Auxerre, Ugo di San Caro e Rolando di Cremona. 600 04$aUgo : di Santo Caro .$0(OLS)http://semarc/subject/12780 600 04$aGuglielmo : d'Auxerre .$0(OLS)http://semarc/subject/12779 650 4$aTeologia medievale.$0(OLS)http://semarc/subject/367 650 4$aGesù Cristo - Unione ipostatica.$0(OLS)http://semarc/subject/7417 650 4$aRolando : di Cremona .$0(OLS)http://semarc/subject/12781 830 0$aTrierer theologische Studien ;$v11.$0(OLS)http://semarc/title/14020 850 $aSeMil 852 $aSeMil$W1$xVenegono$y1$m2N I 153$j31728$B31728$CSeMilBibl$Z2$F31731 $81 996 $6245$aDie hypostatische Union in der Theologie Wilhelms von Auxerre, Hugos von St. Cher und Rolands von Cremona$9(OLS)http://semarc/title/104090 996 $6260$aTrier :$bPaulinus$9(OLS)http://semarc/publisher/29982 LEADER 01308nam a2200253 i 4500 001 000000106743 003 CaOOAMICUS 005 20020902000000.0 008 020902s1975 gw u000 u ger u 013 $a78937 040 $aSeMil$bita 100 1 $aNiederwimmer, Kurt,$d<1929- >.$0(OLS)http://semarc/name/38172 245 10$aAskese und Mysterium :$bÜber Ehe, Ehescheidung und Eheverzicht in den Anfängen des christlichen Glaubens /$cKurt Niederwimmer. 260 $aGöttingen :$bVandenhoeck & Ruprecht,$c1975. 300 $a267 p. ;$c24 cm. 490 0 $aForschungen zur Religion und Literatur des Alten und Neuen Testaments ;$v113 650 4$aMatrimonio - Storia.$0(OLS)http://semarc/subject/384 650 4$aMorale sessuale.$0(OLS)http://semarc/subject/3413 650 4$aAscetismo.$0(OLS)http://semarc/subject/4845 830 0$aForschungen zur Religion und Literatur des Alten und Neuen Testaments ;$v113.$0(OLS)http://semarc/title/298 850 $aSeMil 852 $aSeMil$W1$xVenegono$y1$m2XA S 113$j242064$B62854$CSeMilBibl$Z2$F72069 $81 996 $6245$aAskese und Mysterium :$bÜber Ehe, Ehescheidung und Eheverzicht in den Anfängen des christlichen Glaubens$9(OLS)http://semarc/title/154862 996 $6260$aGöttingen :$bVandenhoeck & Ruprecht$9(OLS)http://semarc/publisher/29697